[Event "Mfr. Einzelmeisterschaft 2013"]
[Site "Wachendorf"]
[Date "2013.03.28"]
[Round "4.5"]
[White "Homfeldt, Maren"]
[Black "Dreiseitel, Ursula"]
[Result "1/2-1/2"]
[WhiteElo "913"]
[BlackElo "1485"]
[PlyCount "101"]
[EventDate "2013.??.??"]
[WhiteTeam "SC Noris-Tarrasch Nürnberg 1873"]
[BlackTeam "SC Noris-Tarrasch Nürnberg 1873"]

1. g3 Nf6 2. h3 e6 3. Bg2 d5 4. e3 c6 5. b3 Nbd7 6. Ne2 Bd6 7. Bb2 O-O 8. d3
Re8 9. Nd2 e5 10. Nc3 Nc5 11. e4 dxe4 12. Ncxe4 Ncxe4 13. Nxe4 Nxe4 14. Bxe4
Bc5 15. Qf3 Bd4 16. O-O-O Bxb2+ 17. Kxb2 Qd4+ 18. c3 Qd6 19. Bf5 Bxf5 20. Qxf5
a5 21. a4 b5 22. Qe4 Rab8 23. Ra1 b4 24. c4 Rb7 25. Rad1 Rbe7 26. Rhe1 Qd4+ 27.
Qxd4 exd4 28. Rxe7 Rxe7 29. Kc2 f5 30. Kd2 Kf7 31. Re1 Rxe1 32. Kxe1 Ke6 33. f4
g5 34. Kf2 gxf4 35. gxf4 Kf6 36. Kg3 Kg6 37. Kh4 Kh6 38. c5 Kg6 39. Kg3 Kh5 40.
h4 Kg6 41. Kf3 h5 42. Kg3 Kf6 43. Kf3 Ke6 44. Ke2 Kd5 45. Kd2 Kxc5 46. Kc2 Kd5
47. Kc1 c5 48. Kc2 c4 49. bxc4+ Kc5 50. Kb3 Kc6 51. Kb2 1/2-1/2

[Event "Mfr. Einzelmeisterschaft 2013"]
[Site "Wachendorf"]
[Date "2013.03.28"]
[Round "4.6"]
[White "Hummel, Hannes"]
[Black "Denninger, David"]
[Result "0-1"]
[WhiteElo "764"]
[BlackElo "1485"]
[PlyCount "62"]
[EventDate "2013.??.??"]
[WhiteTeam "SC Bad Windsheim 1920 e.V."]
[BlackTeam "TSV Cadolzburg e.V."]

1. e4 e5 2. Nf3 Nf6 3. Nc3 Nc6 4. Bc4 Bc5 5. d3 h6 6. h3 d6 7. O-O Be6 8. Bxe6
fxe6 9. Be3 Bd4 10. Bxd4 Nxd4 11. Nxd4 exd4 12. Nb5 e5 13. c3 Qd7 14. a4 a6 15.
Na3 O-O 16. Nc2 c5 17. a5 d5 18. exd5 Nxd5 19. c4 Nf4 20. Qg4 Qxg4 21. hxg4
Nxd3 22. Rab1 Rab8 23. Rfd1 Nxf2 24. Rf1 Nxg4 25. Rxf8+ Rxf8 26. b3 d3 27. Ne1
Rd8 28. b4 d2 29. Nc2 d1=Q+ 30. Rxd1 Rxd1+ 31. Ne1 Rxe1# 0-1

[Event "Mfr. Einzelmeisterschaft 2013"]
[Site "Wachendorf"]
[Date "2013.03.28"]
[Round "4.7"]
[White "Dreiseitel, Werner"]
[Black "Schanz, Karlheinz"]
[Result "0-1"]
[WhiteElo "1584"]
[BlackElo "1923"]
[PlyCount "132"]
[EventDate "2013.??.??"]
[WhiteTeam "SC Noris-Tarrasch Nürnberg 1873"]
[BlackTeam "SC Mühlhof-Reichelsdorf e.V."]

1. d4 f5 2. c4 Nf6 3. Nf3 c6 4. Bf4 d6 5. e3 Ne4 6. Be2 Qa5+ 7. Nbd2 Nd7 8. O-O
Ndf6 9. h3 g6 10. a3 Bg7 11. b4 Qd8 12. Qc2 O-O 13. Rac1 Bd7 14. Ng5 Nxd2 15.
Qxd2 h6 16. Nf3 Ne4 17. Qc2 a5 18. Nd2 Nxd2 19. Qxd2 Be8 20. Bf3 axb4 21. axb4
Bd7 22. e4 g5 23. Bh2 f4 24. Rfe1 e5 25. d5 Rf6 26. Ra1 Rxa1 27. Rxa1 Qc7 28.
Qb2 Rf8 29. Ra7 cxd5 30. cxd5 Rc8 31. Ra1 Qb6 32. Be2 Kh7 33. Kf1 Qc7 34. f3
Bf6 35. Bg1 Bd8 36. Ke1 Kg6 37. Kd1 Be8 38. Rc1 Qb8 39. Ra1 Rc7 40. Ba7 Qc8 41.
Bf2 h5 42. Bb6 Rg7 43. Rc1 Qb8 44. Bf2 Kh6 45. Rc2 Bg6 46. Qc1 Rc7 47. Rxc7
Bxc7 48. Bd3 Kg7 49. Qc2 Be8 50. Kd2 Bd7 51. Be2 Qd8 52. Ke1 Bb6 53. Qd2 Bxf2+
54. Kxf2 Qb6+ 55. Kf1 Kf6 56. Qc3 Ke7 57. Qd2 Kd8 58. Qc3 Qc7 59. Qxc7+ Kxc7
60. Ke1 Kb6 61. Kd2 Bb5 62. Bxb5 Kxb5 63. Kc3 Ka4 64. Kd3 Kxb4 65. Ke2 Kc3 66.
Kf2 h4 0-1

[Event "Mfr. Einzelmeisterschaft 2013"]
[Site "Wachendorf"]
[Date "2013.03.28"]
[Round "5.1"]
[White "Lais, Thomas"]
[Black "Rieber, Rene"]
[Result "1/2-1/2"]
[WhiteElo "1959"]
[BlackElo "1944"]
[PlyCount "89"]
[EventDate "2013.??.??"]
[WhiteTeam "SW Nürnberg Süd e.V."]
[BlackTeam "SC Bechhofen 1923 e.V."]

1. e4 e5 2. Nf3 Nf6 3. Nxe5 Nc6 4. Nxc6 dxc6 5. d3 Bc5 6. Be2 h5 7. Be3 Bxe3 8.
fxe3 Ng4 9. Bxg4 hxg4 10. Qe2 Qh4+ 11. g3 Qf6 12. Nc3 Be6 13. O-O-O O-O-O 14.
d4 Rh3 15. d5 cxd5 16. exd5 Bd7 17. Rhf1 Qe7 18. d6 cxd6 19. Qc4+ Bc6 20. Qxg4+
Qe6 21. Qxe6+ fxe6 22. Rf2 d5 23. Rdd2 Rdh8 24. Kd1 g5 25. Ke1 g4 26. Kd1 R8h5
27. Kc1 Kc7 28. Rf7+ Kb6 29. Rg7 Rxh2 30. Rxh2 Rxh2 31. Rxg4 e5 32. b4 a6 33.
a4 Rg2 34. Rg6 d4 35. exd4 exd4 36. Nd5+ Ka7 37. Nf4 Rg1+ 38. Kb2 Bxa4 39. Nd3
Rg2 40. Nc5 Bxc2 41. Rg7 Be4+ 42. Kc1 Bc6 43. Rg4 Kb6 44. Rxd4 Rxg3 45. Nd3
1/2-1/2

[Event "Mfr. Einzelmeisterschaft 2013"]
[Site "Wachendorf"]
[Date "2013.03.28"]
[Round "5.2"]
[White "Götz, Andreas"]
[Black "Luther, Helmut"]
[Result "1-0"]
[WhiteElo "2120"]
[BlackElo "2008"]
[PlyCount "56"]
[EventDate "2013.??.??"]
[WhiteTeam "SC Erlangen 48/88 e.V."]
[BlackTeam "SW Nürnberg Süd e.V."]

1. d4 d6 2. e4 g6 3. Bc4 c6 4. Ne2 Nf6 5. f3 Bg7 6. O-O O-O 7. a4 e5 8. dxe5
dxe5 9. Qe1 Re8 10. Be3 Be6 11. Na3 Nbd7 12. Qc3 Bxc4 13. Nxc4 Qc7 14. a5 Bf8
15. Kh1 b5 16. Nd2 c5 17. a6 Re6 18. Qa5 Qc6 19. Nc3 Rb8 20. Nd5 Nxd5 21. exd5
Qxd5 22. Qc7 Ra8 23. Ne4 Qc6 24. Qb7 f5 25. Rad1 fxe4 26. Rxd7 Qxb7 27. axb7
Rb8 28. fxe4 Re7 1-0

[Event "Mfr. Einzelmeisterschaft 2013"]
[Site "Wachendorf"]
[Date "2013.03.28"]
[Round "5.3"]
[White "Gajewski, Richard"]
[Black "Münzenberg, Dietrich"]
[Result "0-1"]
[WhiteElo "1774"]
[BlackElo "1705"]
[PlyCount "128"]
[EventDate "2013.??.??"]
[WhiteTeam "FC Gunzenhausen 1910 e.V"]
[BlackTeam "Spvg Zabo-Eintracht Nürnberg e.V"]

1. c3 d5 2. e4 dxe4 3. f3 Nf6 4. Bc4 e6 5. b4 Be7 6. fxe4 Nxe4 7. Qf3 Nf6 8.
Ne2 a6 9. d4 c6 10. Bf4 O-O 11. O-O Nbd7 12. Bd3 Ne8 13. Qh3 g6 14. Qh6 Ng7 15.
Rf3 Nf6 16. Be5 Nfh5 17. Qe3 Bg5 18. Qf2 Ne8 19. Na3 f6 20. Rf1 Qe7 21. g4 Nhg7
22. h4 Bd2 23. Nc4 Bxc3 24. Nxc3 b5 25. Nd2 Qxb4 26. Bxf6 Ra7 27. Nce4 Raf7 28.
Qe2 Qa3 29. h5 e5 30. hxg6 hxg6 31. Bxg7 Rxf3 32. Rxf3 Rxf3 33. Qxf3 Kxg7 34.
dxe5 Qxa2 35. Nf1 Qa1 36. Nd6 Qd4+ 37. Kg2 Nxd6 38. Qf6+ Kg8 39. Qxg6+ Kf8 40.
Qf6+ Nf7 41. Bg6 Qxg4+ 42. Ng3 Be6 43. Bxf7 Bxf7 44. Qxc6 Qe6 45. Qc3 Qc4 46.
Qa5 Qa2+ 47. Qxa2 Bxa2 48. Kf2 b4 49. Ne4 a5 50. Ke2 a4 51. Kd2 Bb1 52. Nc5 a3
53. Kc1 Bf5 54. Nb3 Ke7 55. Na1 Ke6 56. Nc2 Bxc2 57. Kxc2 Kxe5 58. Kb3 Kd5 59.
Ka2 Kc4 60. Kb1 Kc3 61. Ka2 Kc2 62. Ka1 a2 63. Kxa2 b3+ 64. Ka1 b2+ 0-1

[Event "Mfr. Einzelmeisterschaft 2013"]
[Site "Wachendorf"]
[Date "2013.03.28"]
[Round "5.4"]
[White "Walch, Roger"]
[Black "Schanz, Karlheinz"]
[Result "0-1"]
[WhiteElo "1749"]
[BlackElo "1923"]
[PlyCount "58"]
[EventDate "2013.??.??"]
[WhiteTeam "SW Nürnberg Süd e.V."]
[BlackTeam "SC Mühlhof-Reichelsdorf e.V."]

1. e4 c5 2. Nf3 d6 3. d4 cxd4 4. Nxd4 g6 5. Be3 Bg7 6. Qd2 Nc6 7. Nc3 Bd7 8. a3
Nf6 9. f3 O-O 10. O-O-O Nxd4 11. Bxd4 a6 12. h4 b5 13. Nd5 Nxd5 14. Bxg7 Kxg7
15. Qxd5 Be6 16. Qd2 h6 17. g4 Rc8 18. Rg1 Qb6 19. Be2 Bc4 20. Rg2 Bxe2 21.
Rxe2 Rc4 22. b3 Rc7 23. h5 Rfc8 24. Qd3 Rc3 25. Qd5 Qc5 26. Qxc5 R8xc5 27. b4
Rc7 28. Rf1 Rxa3 29. hxg6 Ra1+ 0-1

[Event "Mfr. Einzelmeisterschaft 2013"]
[Site "Wachendorf"]
[Date "2013.03.28"]
[Round "5.5"]
[White "Dreiseitel, Ursula"]
[Black "Denninger, David"]
[Result "1/2-1/2"]
[WhiteElo "1485"]
[BlackElo "1485"]
[PlyCount "73"]
[EventDate "2013.??.??"]
[WhiteTeam "SC Noris-Tarrasch Nürnberg 1873"]
[BlackTeam "TSV Cadolzburg e.V."]

1. d4 Nf6 2. Nf3 e6 3. Bf4 d5 4. e3 c5 5. c3 Nc6 6. Nbd2 c4 7. Be2 h6 8. Ne5
Nxe5 9. Bxe5 Bd6 10. Nf3 Bxe5 11. Nxe5 O-O 12. O-O Nd7 13. f4 Nxe5 14. fxe5 f6
15. exf6 Rxf6 16. Qc2 Bd7 17. Rxf6 Qxf6 18. Rf1 Qg5 19. Rf3 Rf8 20. Rg3 Qf6 21.
Rf3 Qg5 22. Rg3 Qe7 23. e4 e5 24. Rf3 Rxf3 25. Bxf3 exd4 26. cxd4 Bf5 27. Qe2
Bxe4 28. Bxe4 Qxe4 29. Qxe4 dxe4 30. Kf2 Kf7 31. Ke3 Ke6 32. Kxe4 b5 33. b3
cxb3 34. axb3 Kd6 35. b4 h5 36. g3 a6 37. h3 1/2-1/2

[Event "Mfr. Einzelmeisterschaft 2013"]
[Site "Wachendorf"]
[Date "2013.03.28"]
[Round "5.6"]
[White "Weißmann, Peter"]
[Black "Homfeldt, Maren"]
[Result "1-0"]
[WhiteElo "1823"]
[BlackElo "913"]
[PlyCount "61"]
[EventDate "2013.??.??"]
[WhiteTeam "SK Zirndorf e.V."]
[BlackTeam "SC Noris-Tarrasch Nürnberg 1873"]

1. e4 g6 2. d4 Bg7 3. Be3 e6 4. Qd2 b6 5. Nc3 a6 6. Bd3 Bb7 7. Nge2 h6 8. O-O
Ne7 9. f4 d6 10. f5 gxf5 11. exf5 exf5 12. Bxf5 Nxf5 13. Rxf5 Qe7 14. Raf1 f6
15. Nf4 Qf7 16. d5 Bc8 17. Rh5 Bg4 18. Rh4 Bf5 19. Ne6 Bxe6 20. dxe6 Qxe6 21.
Re4 Qe7 22. Rxe7+ Kxe7 23. Nd5+ Kd7 24. Nxf6+ Bxf6 25. Rxf6 Nc6 26. Rxh6 Rxh6
27. Bxh6 Re8 28. h4 Re4 29. Bg5 Ne5 30. Qf2 Ng4 31. Qf5+ 1-0

[Event "Mfr. Einzelmeisterschaft 2013"]
[Site "Wachendorf"]
[Date "2013.03.28"]
[Round "5.7"]
[White "Weidenhöfer, Robert"]
[Black "Hummel, Hannes"]
[Result "1-0"]
[WhiteElo "1479"]
[BlackElo "764"]
[PlyCount "39"]
[EventDate "2013.??.??"]
[WhiteTeam "SW Nürnberg Süd e.V."]
[BlackTeam "SC Bad Windsheim 1920 e.V."]

1. b3 e5 2. Bb2 Nc6 3. e3 Nf6 4. Bb5 a6 5. Bxc6 dxc6 6. Bxe5 Be7 7. f4 Bf5 8.
Nf3 Bd6 9. Bb2 c5 10. d3 b5 11. Nbd2 O-O 12. O-O Bg4 13. e4 Bxf4 14. h3 Bxd2
15. Qxd2 Bxf3 16. Rxf3 h6 17. Rxf6 gxf6 18. Qxh6 Qd6 19. Bxf6 Rae8 20. Qh8# 1-0

[Event "Mfr. Einzelmeisterschaft 2013"]
[Site "Wachendorf"]
[Date "2013.03.29"]
[Round "6.1"]
[White "Lais, Thomas"]
[Black "Götz, Andreas"]
[Result "1/2-1/2"]
[WhiteElo "1959"]
[BlackElo "2120"]
[PlyCount "39"]
[EventDate "2013.??.??"]
[WhiteTeam "SW Nürnberg Süd e.V."]
[BlackTeam "SC Erlangen 48/88 e.V."]

1. e4 c6 2. d4 g6 3. Nc3 Bg7 4. f4 d5 5. e5 h5 6. Nf3 Nh6 7. Bd3 Nf5 8. O-O Qb6
9. Na4 Qc7 10. c3 e6 11. Re1 Bf8 12. g3 Be7 13. Bxf5 exf5 14. h4 Be6 15. Ng5 a5
16. Be3 b5 17. Nc5 Bxc5 18. dxc5 a4 19. b4 Ke7 20. Bd4 1/2-1/2

[Event "Mfr. Einzelmeisterschaft 2013"]
[Site "Wachendorf"]
[Date "2013.03.29"]
[Round "6.3"]
[White "Schanz, Karlheinz"]
[Black "Gajewski, Richard"]
[Result "1-0"]
[WhiteElo "1923"]
[BlackElo "1774"]
[PlyCount "101"]
[EventDate "2013.??.??"]
[WhiteTeam "SC Mühlhof-Reichelsdorf e.V."]
[BlackTeam "FC Gunzenhausen 1910 e.V"]

1. e4 a6 2. f4 b5 3. g3 Bb7 4. Bg2 e6 5. d3 Be7 6. Be3 h5 7. h3 f5 8. Nd2 Nf6
9. Qe2 Nc6 10. Ngf3 Nb4 11. Qd1 fxe4 12. Ne5 Nfd5 13. Bd4 exd3 14. Nxd3 Nxd3+
15. cxd3 Bf6 16. Bxf6 Qxf6 17. Qb3 Qd4 18. O-O-O c6 19. Be4 a5 20. Nf3 Qc5+ 21.
Kb1 a4 22. d4 axb3 23. dxc5 bxa2+ 24. Ka1 Nf6 25. Bc2 Ke7 26. Rhe1 Nd5 27. f5
Rhf8 28. Ne5 Kd8 29. fxe6 dxe6 30. Ng6 Rf6 31. Nf4 Bc8 32. Nxh5 Rf7 33. Bg6 Ke7
34. Rf1 Rxf1 35. Rxf1 b4 36. Rf7+ Kd8 37. Nxg7 Ra5 38. h4 b3 39. Rf3 Rb5 40. h5
Ne7 41. Rd3+ Kc7 42. Bf7 Rb8 43. Bxe6 Nd5 44. Bxc8 Kxc8 45. Ne6 Rb5 46. h6 Kd7
47. h7 Rb8 48. Nf4 Re8 49. Rxb3 Nxf4 50. gxf4 Ke6 51. Re3+ 1-0

[Event "Mfr. Einzelmeisterschaft 2013"]
[Site "Wachendorf"]
[Date "2013.03.29"]
[Round "6.5"]
[White "Denninger, David"]
[Black "Walch, Roger"]
[Result "1-0"]
[WhiteElo "1485"]
[BlackElo "1749"]
[PlyCount "88"]
[EventDate "2013.??.??"]
[WhiteTeam "TSV Cadolzburg e.V."]
[BlackTeam "SW Nürnberg Süd e.V."]

1. e4 e6 2. d4 d5 3. e5 c5 4. c3 Bd7 5. Qg4 cxd4 6. cxd4 Nc6 7. Nf3 Rc8 8. Bd2
Qb6 9. Bc3 h5 10. Qf4 Nh6 11. a3 Na5 12. Nbd2 Be7 13. Bd3 Bb5 14. Bxb5+ Qxb5
15. Bxa5 Qxa5 16. O-O O-O 17. Rac1 Qb5 18. b4 Qd3 19. Nb1 Rc4 20. Rxc4 dxc4 21.
Qd2 Qg6 22. d5 exd5 23. Qxd5 Qa6 24. Qd7 Bd8 25. Nd4 Ng4 26. e6 fxe6 27. Nxe6
Bf6 28. Nxf8 Kxf8 29. Re1 Be5 30. Qf5+ Qf6 31. Qc8+ Kf7 32. Qxb7+ Kg8 33. Qa8+
Kh7 34. Qe4+ g6 35. Qf3 Bxh2+ 36. Kh1 Bf4 37. g3 Be5 38. Qxf6 Bxf6 39. Kg2 Ne5
40. Re4 Nd3 41. Rxc4 Kh6 42. Nc3 Ne1+ 43. Kf1 Nf3 44. Ne4 Bb2 1-0

[Event "Mfr. Einzelmeisterschaft 2013"]
[Site "Wachendorf"]
[Date "2013.03.29"]
[Round "6.6"]
[White "Dreiseitel, Ursula"]
[Black "Weidenhöfer, Robert"]
[Result "1/2-1/2"]
[WhiteElo "1485"]
[BlackElo "1479"]
[PlyCount "57"]
[EventDate "2013.??.??"]
[WhiteTeam "SC Noris-Tarrasch Nürnberg 1873"]
[BlackTeam "SW Nürnberg Süd e.V."]

1. d4 g6 2. Nf3 Bg7 3. Bf4 d6 4. Nbd2 Nf6 5. c3 O-O 6. e3 Nh5 7. Bg3 Be6 8. Be2
c5 9. Ng5 Nxg3 10. hxg3 h6 11. Nxe6 fxe6 12. Bc4 d5 13. Bd3 cxd4 14. exd4 Rf6
15. Nf3 Nc6 16. Qe2 g5 17. O-O-O a6 18. Nh2 e5 19. Ng4 Rd6 20. Nxe5 Nxe5 21.
dxe5 Re6 22. f4 Qf8 23. Qg4 Rc6 24. e6 Qf6 25. Bf5 Rxc3+ 26. bxc3 Qxc3+ 27. Bc2
Qb2+ 28. Kd2 Qc3+ 29. Kc1 1/2-1/2

[Event "Mfr. Einzelmeisterschaft 2013"]
[Site "Wachendorf"]
[Date "2013.03.29"]
[Round "6.7"]
[White "Homfeldt, Maren"]
[Black "Hummel, Hannes"]
[Result "0-1"]
[WhiteElo "913"]
[BlackElo "764"]
[PlyCount "84"]
[EventDate "2013.??.??"]
[WhiteTeam "SC Noris-Tarrasch Nürnberg 1873"]
[BlackTeam "SC Bad Windsheim 1920 e.V."]

1. g3 d5 2. e3 Nf6 3. h3 Nc6 4. a3 Be6 5. Bg2 Ne4 6. Qe2 Bf5 7. d3 Ng5 8. e4
dxe4 9. Bxg5 exd3 10. cxd3 f6 11. Be4 Bxe4 12. dxe4 fxg5 13. Qd2 Qxd2+ 14. Nxd2
O-O-O 15. Ngf3 h6 16. Nc4 Nd4 17. Nxd4 Rxd4 18. Nd2 e5 19. Rd1 h5 20. O-O g4
21. h4 g5 22. f3 gxf3 23. Nxf3 Rxd1 24. Rxd1 b6 25. Nxe5 gxh4 26. Ng6 Rg8 27.
Nxf8 Rxf8 28. Rf1 Rxf1+ 29. Kxf1 hxg3 30. Kg2 h4 31. Kf3 c5 32. b3 a6 33. Kg2
b5 34. Kf3 c4 35. bxc4 bxc4 36. Kg2 c3 37. Kh3 c2 38. Kg4 g2 39. Kxh4 g1=Q 40.
Kh3 c1=Q 41. Kh4 Qg2 42. a4 Qch1# 0-1

[Event "Mfr. Einzelmeisterschaft 2013"]
[Site "Wachendorf"]
[Date "2013.03.29"]
[Round "7.1"]
[White "Götz, Andreas"]
[Black "Rieber, Rene"]
[Result "1-0"]
[WhiteElo "2120"]
[BlackElo "1944"]
[PlyCount "151"]
[EventDate "2013.??.??"]
[WhiteTeam "SC Erlangen 48/88 e.V."]
[BlackTeam "SC Bechhofen 1923 e.V."]

1. c4 Nf6 2. Nc3 e6 3. d4 Bb4 4. Qc2 c5 5. a3 cxd4 6. axb4 dxc3 7. bxc3 d5 8.
e3 dxc4 9. Bxc4 O-O 10. Nf3 b6 11. O-O Bb7 12. Be2 Be4 13. Qb3 Qc7 14. Nd4 Nbd7
15. c4 a6 16. Bb2 Rfc8 17. Rac1 h5 18. f3 Bb7 19. Qd1 g6 20. Nb3 Nh7 21. Qe1 f6
22. Qh4 Kf7 23. Rfd1 Rh8 24. Rd2 Rag8 25. Rcd1 Nhf8 26. Rd6 g5 27. Qg3 e5 28.
Qe1 Nb8 29. Qd2 Bc8 30. c5 b5 31. Rb6 Ne6 32. Qd6 Rd8 33. Qxc7+ Nxc7 34. Rxd8
Rxd8 35. Rxb8 Nd5 36. c6 Nxb4 37. c7 Re8 38. Nc5 Nd5 39. Nxa6 Bxa6 40. Rxe8
Kxe8 41. Bxb5+ Ke7 42. Bxa6 Nxc7 43. Bc4 Kf8 44. Ba3+ Kg7 45. Kf1 Kg6 46. Ke2
Ne8 47. Kd3 Ng7 48. Bb5 Kf7 49. Ke4 h4 50. Bd7 Nh5 51. Bg4 Ng7 52. Bb2 Kg6 53.
Bc8 Nh5 54. Kd5 Ng7 55. Bxe5 fxe5 56. Kxe5 Ne8 57. e4 Nc7 58. g3 Nb5 59. gxh4
gxh4 60. Kf4 Nd6 61. Bf5+ Kf7 62. Kg4 Nc4 63. Kxh4 Kf6 64. f4 Nd6 65. Kg3 Nc4
66. h4 Ne3 67. h5 Kg7 68. Kf3 Nc4 69. e5 Nd2+ 70. Ke3 Nf1+ 71. Kd4 Ng3 72. Bg4
Nf1 73. f5 Kf7 74. h6 Ng3 75. e6+ Kg8 76. h7+ 1-0

[Event "Mfr. Einzelmeisterschaft 2013"]
[Site "Wachendorf"]
[Date "2013.03.29"]
[Round "7.2"]
[White "Schanz, Karlheinz"]
[Black "Lais, Thomas"]
[Result "0-1"]
[WhiteElo "1923"]
[BlackElo "1959"]
[PlyCount "84"]
[EventDate "2013.??.??"]
[WhiteTeam "SC Mühlhof-Reichelsdorf e.V."]
[BlackTeam "SW Nürnberg Süd e.V."]

1. e4 c5 2. f4 d6 3. Nf3 a6 4. b3 Nf6 5. Nc3 Nc6 6. Bb2 e6 7. g3 Be7 8. Bg2 O-O
9. O-O Qc7 10. d3 Rb8 11. Qd2 b5 12. Nd1 Nd7 13. Nf2 Bf6 14. Bxf6 Nxf6 15. Rfe1
Nd7 16. c3 Bb7 17. Re2 Rbc8 18. Rae1 Rfd8 19. Kh1 Nb6 20. Ng4 a5 21. f5 Qe7 22.
Rf2 Nd7 23. Nh4 Nce5 24. Ne3 Nf6 25. Qe2 c4 26. bxc4 bxc4 27. d4 Nd3 28. Nd1
Nxe1 29. Qxe1 e5 30. d5 Ba8 31. Rf3 Rb8 32. Bh3 Rb1 33. Rf1 Rdb8 34. g4 Nxe4
35. Qxe4 Qxh4 36. Bg2 f6 37. Qxc4 h5 38. Ne3 Rxf1+ 39. Qxf1 hxg4 40. Kg1 g3 41.
h3 Qf4 42. Qe1 Rb2 0-1

[Event "Mfr. Einzelmeisterschaft 2013"]
[Site "Wachendorf"]
[Date "2013.03.29"]
[Round "7.3"]
[White "Luther, Helmut"]
[Black "Denninger, David"]
[Result "1-0"]
[WhiteElo "2008"]
[BlackElo "1485"]
[PlyCount "53"]
[EventDate "2013.??.??"]
[WhiteTeam "SW Nürnberg Süd e.V."]
[BlackTeam "TSV Cadolzburg e.V."]

1. d4 Nf6 2. c4 e6 3. Nf3 Bb4+ 4. Bd2 Bxd2+ 5. Nbxd2 O-O 6. g3 c6 7. Bg2 d5 8.
e3 Nbd7 9. O-O a5 10. Qc2 b6 11. Rfc1 c5 12. dxc5 Nxc5 13. Nb3 Nxb3 14. Qxb3
dxc4 15. Qxc4 Ba6 16. Qb3 b5 17. Nd4 a4 18. Qb4 Nd5 19. Qc5 Rc8 20. Nc6 Qb6 21.
Qxb6 Nxb6 22. Ne7+ Kh8 23. Nxc8 Bxc8 24. Rc5 Bd7 25. Rc7 Rd8 26. Rd1 g5 27. Bc6
1-0

[Event "Mfr. Einzelmeisterschaft 2013"]
[Site "Wachendorf"]
[Date "2013.03.29"]
[Round "7.4"]
[White "Münzenberg, Dietrich"]
[Black "Dreiseitel, Ursula"]
[Result "1-0"]
[WhiteElo "1705"]
[BlackElo "1485"]
[PlyCount "103"]
[EventDate "2013.??.??"]
[WhiteTeam "Spvg Zabo-Eintracht Nürnberg e.V"]
[BlackTeam "SC Noris-Tarrasch Nürnberg 1873"]

1. d4 e6 2. c4 b6 3. Nc3 Bb7 4. e4 f5 5. f3 fxe4 6. fxe4 Nc6 7. Nf3 h6 8. Be2
g6 9. Be3 Qe7 10. a3 O-O-O 11. Qb3 Bg7 12. O-O-O h5 13. Rhe1 Nh6 14. h3 Nf7 15.
Bf1 g5 16. d5 Nce5 17. Nb5 Kb8 18. Qa4 a6 19. Nbd4 Nxf3 20. gxf3 Ne5 21. Kb1
Rhf8 22. Bg2 g4 23. hxg4 hxg4 24. f4 Nf3 25. Nxf3 gxf3 26. Bxf3 d6 27. Bg4 e5
28. f5 Rh8 29. Be2 Rh4 30. Bd3 Rdh8 31. Rg1 Rh3 32. Bg5 Bf6 33. Bxf6 Qxf6 34.
Qc2 Bc8 35. Qg2 R3h6 36. Qg5 Bd7 37. Qxf6 Rxf6 38. Rg7 Be8 39. Be2 Kc8 40. Rdg1
Rff8 41. Re7 Rf7 42. Rxf7 Bxf7 43. Rg7 Be8 44. Ka2 Rh4 45. Bf3 Rf4 46. Bg2 Rf2
47. Bh1 Ba4 48. Rh7 Bc2 49. Rh3 Re2 50. f6 Rf2 51. Bf3 Kd8 52. Rh8+ 1-0

[Event "Mfr. Einzelmeisterschaft 2013"]
[Site "Wachendorf"]
[Date "2013.03.29"]
[Round "7.5"]
[White "Walch, Roger"]
[Black "Weißmann, Peter"]
[Result "1-0"]
[WhiteElo "1749"]
[BlackElo "1823"]
[PlyCount "123"]
[EventDate "2013.??.??"]
[WhiteTeam "SW Nürnberg Süd e.V."]
[BlackTeam "SK Zirndorf e.V."]

1. e4 c5 2. Nf3 d6 3. d4 cxd4 4. Nxd4 Nf6 5. Nc3 Nc6 6. Nb3 g6 7. Be3 Bg7 8. f3
O-O 9. Qd2 a5 10. Na4 Nd7 11. Bh6 Bxh6 12. Qxh6 Nb4 13. Qd2 Nb6 14. Nxb6 Qxb6
15. c3 Nc6 16. Rd1 Be6 17. Nc1 Rad8 18. Qf2 Qxf2+ 19. Kxf2 Ne5 20. a4 f5 21.
exf5 Rxf5 22. Bb5 g5 23. Ke3 Rdf8 24. Rd4 h5 25. Ne2 Ng6 26. Ng3 Re5+ 27. Kd2
Nf4 28. Rg1 d5 29. Ne2 Nxe2 30. Bxe2 Bd7 31. b3 Bc6 32. g3 Re6 33. h4 g4 34. f4
Ref6 35. Rg2 e6 36. Bd3 Kf7 37. Re2 Ke7 38. Re5 Rh6 39. Rg5 Kd6 40. Bg6 Be8 41.
Bxe8 Rxe8 42. c4 Kc5 43. Kc3 Rd8 44. cxd5 Rxd5 45. Rc4+ Kd6 46. Rc8 Rxg5 47.
fxg5 Rg6 48. Rh8 Ke5 49. Kd3 Rg7 50. Rxh5 Rd7+ 51. Ke3 Rc7 52. Kd3 Rd7+ 53. Ke3
Rc7 54. g6+ Kf6 55. Kf4 Kxg6 56. Rxa5 Rc3 57. Rb5 Kf6 58. Kxg4 e5 59. Rb6+ Kf7
60. Rxb7+ Ke6 61. Rb8 e4 62. h5 1-0

[Event "Mfr. Einzelmeisterschaft 2013"]
[Site "Wachendorf"]
[Date "2013.03.29"]
[Round "7.6"]
[White "Hummel, Hannes"]
[Black "Gajewski, Richard"]
[Result "0-1"]
[WhiteElo "764"]
[BlackElo "1774"]
[PlyCount "48"]
[EventDate "2013.??.??"]
[WhiteTeam "SC Bad Windsheim 1920 e.V."]
[BlackTeam "FC Gunzenhausen 1910 e.V"]

1. e4 e6 2. Nf3 a6 3. Nc3 b5 4. Be2 Bb7 5. d3 Be7 6. Bf4 Nf6 7. Bg5 O-O 8. Bxf6
Bxf6 9. O-O Nc6 10. Re1 d6 11. Nd2 Qd7 12. Bf3 Bd4 13. a3 Ne5 14. Nb3 Bb6 15.
a4 b4 16. a5 Ba7 17. Na4 f5 18. exf5 Nxf3+ 19. gxf3 Rxf5 20. Nd4 Bxd4 21. Rb1
Bxf3 22. Qd2 Qf7 23. b3 Qg6+ 24. Kf1 Qg2# 0-1

[Event "Mfr. Einzelmeisterschaft 2013"]
[Site "Wachendorf"]
[Date "2013.03.29"]
[Round "7.7"]
[White "Weidenhöfer, Robert"]
[Black "Homfeldt, Maren"]
[Result "1-0"]
[WhiteElo "1479"]
[BlackElo "913"]
[PlyCount "59"]
[EventDate "2013.??.??"]
[WhiteTeam "SW Nürnberg Süd e.V."]
[BlackTeam "SC Noris-Tarrasch Nürnberg 1873"]

1. e4 b6 2. f4 Bb7 3. Nc3 a6 4. Nf3 h6 5. b3 g6 6. Bb2 Bg7 7. Bd3 d6 8. Qe2 Nd7
9. O-O-O e6 10. f5 e5 11. fxg6 fxg6 12. g4 g5 13. h4 Nc5 14. hxg5 Qe7 15. Bc4
O-O-O 16. b4 Ne6 17. Bxa6 Kb8 18. Bxb7 Kxb7 19. Nd5 Nf4 20. Nxf4 exf4 21. gxh6
Bxb2+ 22. Kxb2 Nxh6 23. Rh4 Qf6+ 24. c3 Nf7 25. Rdh1 Rxh4 26. Rxh4 Rh8 27. Rxh8
Qxh8 28. Qc4 Ne5 29. Qd5+ Kc8 30. Qa8+ 1-0